| 000 | 01321cad a22002775a 4500 | ||
|---|---|---|---|
| 001 | L144533 | ||
| 008 | 080728s2008 xxkad f s 000 0 eng d | ||
| 035 | _a(Sirsi) u144533 | ||
| 041 | 0 | _aeng | |
| 050 | 0 | 4 | _a332.642 $2 18 |
| 100 | 1 | _aChin, Henry | |
| 245 | 0 | 0 |
_aUnderstanding Shariah investment _h[electronic resource] |
| 260 |
_aLondon _bRREEF _c2008 |
||
| 520 | _aIntroduces Shariah-compliant investment: a series of financial transactions that are organised in accordance with Islamic law. Reviews its key terms and concepts and assesses its market size and potential. Outlines and explains the opportunities: increased demand; untapped potential for Islamic funds; movement away from conservative portfolios; recent and forthcoming regulatory reforms; government investment in infrastructure. Identifies the main challenges for investors and financiers. | ||
| 590 | _aKA NTK | ||
| 650 | 2 | 4 | _aSHARIA |
| 651 | 4 | _aInternational | |
| 690 | _aPROPERTY-COMMERCIAL PROPERTY-COMMERCIAL PROPERTY MARKET | ||
| 690 | _aPROPERTY-COMMERCIAL PROPERTY-COMMERCIAL PROPERTY FINANCE AND INVESTMENT | ||
| 700 | 1 | _aDowe, Cameron | |
| 700 | 1 | _aHedley, Richard | |
| 700 | 1 | _aKim, Tae | |
| 700 | 1 | _aWignall, Marcus | |
| 856 | 4 | 0 |
_uhttps://www.rreef.com/ _zView the report free of charge at www.rreef.com.... |
| 942 | _n0 | ||
| 999 |
_c108531 _d108531 |
||